000 00436nam a2200145Ia 4500
003 OSt
005 20260202102932.0
008 211028s2018 xx 000 0 und d
040 _cAIMIT LIBRARY
041 _aeng
100 _aMirjankar, Mohammed Fawzi; Baretto, Royce Winfred.
_g1616230
_97981
245 _aStudy on customer satisfaction towards reliance Jio, Karwar /
260 _aMangalore
_bSwapna Rose.
_c2018
942 _2ddc
_cPRO
999 _c219549
_d219549